[Event "CHN-chT (Women)"]
[Site "Hangzhou"]
[Date "2023.05.21"]
[Round "3.3"]
[White "Du, Yuxin"]
[Black "Guo, Weibao"]
[Result "1-0"]
[WhiteElo "1915"]
[BlackElo "1894"]
[PlyCount "53"]
[EventDate "2023.05.19"]
[EventType "team-swiss"]
[EventRounds "9"]
[EventCountry "CHN"]
[SourceTitle "CBM 214 Extra"]
[Source "ChessBase"]
[SourceDate "2023.07.31"]
[SourceVersion "1"]
[SourceVersionDate "2023.07.31"]
[SourceQuality "1"]
[WhiteTeam "Hangzhou (W)"]
[BlackTeam "Beijing (W)"]
[WhiteTeamCountry "CHN"]
[BlackTeamCountry "CHN"]

1. e4 e6 2. d4 d5 3. e5 c5 4. c3 Nc6 5. Nf3 Qb6 6. a3 a5 7. Bd3 Bd7 8. Bc2 Rc8 9. 0-0 Qc7 10. Be3 Na7 11. Ng5 Bb5 12. Re1 g6 13. Qf3 cxd4 14. Bxd4 Nc6 15. Bb6 Qe7 16. Qf4 h6 17. Nf3 Qd7 18. Nbd2 g5 19. Qg3 a4 20. c4 Bxc4 21. Nxc4 dxc4 22. Rad1 Qe7 23. Bxa4 h5 24. Nd4 h4 25. Qf3 g4 26. Nxc6 gxf3 27. Nxe7+ 1-0

[Event "CHN-ch sf (Women)"]
[Site "Hefei"]
[Date "2023.04.25"]
[Round "6"]
[White "Guo, Weibao"]
[Black "Zhang, Jingwen"]
[Result "1-0"]
[WhiteElo "1891"]
[BlackElo "1489"]
[PlyCount "111"]
[EventDate "2023.04.23"]
[EventType "swiss"]
[EventRounds "11"]
[EventCountry "CHN"]
[SourceTitle "CBM 214 Extra"]
[Source "ChessBase"]
[SourceDate "2023.07.31"]
[SourceVersion "1"]
[SourceVersionDate "2023.07.31"]
[SourceQuality "1"]

1. d4 Nf6 2. Nf3 d5 3. g3 g6 4. Bg2 Bg7 5. 0-0 0-0 6. c4 c6 7. cxd5 cxd5 8. Ne5 Nbd7 9. f4 Ne4 10. Nc3 Ndf6 11. Qb3 Nxc3 12. bxc3 e6 13. Ba3 Re8 14. Rad1 Ne4 15. Bxe4 dxe4 16. Qc2 Qc7 17. Qxe4 Qxc3 18. Qd3 Qxd3 19. Rxd3 b6 20. Rc3 Ba6 21. Kf2 Rac8 22. Rcc1 Rxc1 23. Rxc1 Rc8 24. Rxc8+ Bxc8 25. Nc6 Bf6 26. Ke3 a6 27. Bd6 Bb7 28. Nb4 Bd8 29. Kd3 b5 30. e4 f6 31. d5 exd5 32. exd5 Ba5 33. Nc6 Bb6 34. Ke4 Kf7 35. f5 Bc8 36. g4 Bb7 37. h3 Bc8 38. Nb4 Bb7 39. Nd3 Bc8 40. Nf4 Bb7 41. Ne6 Bc8 42. Nf8 Kg7 43. Ba3 Bb7 44. Nd7 Bf2 45. Bb2 Bh4 46. Nc5 Bc8 47. d6 Kf7 48. d7 Bxd7 49. Nxd7 Ke7 50. Nb8 a5 51. Nc6+ Kd6 52. Nxa5 Kc5 53. Nb3+ Kc4 54. Nd2+ Kb4 55. Kd5 Ka5 56. Ne4 1-0

[Event "CHN-ch sf (Women)"]
[Site "Hefei"]
[Date "2023.04.25"]
[Round "5"]
[White "Guo, Weibao"]
[Black "Zhao, Yunqing"]
[Result "1/2-1/2"]
[WhiteElo "1891"]
[BlackElo "1616"]
[PlyCount "84"]
[EventDate "2023.04.23"]
[EventType "swiss"]
[EventRounds "11"]
[EventCountry "CHN"]
[SourceTitle "CBM 214 Extra"]
[Source "ChessBase"]
[SourceDate "2023.07.31"]
[SourceVersion "1"]
[SourceVersionDate "2023.07.31"]
[SourceQuality "1"]

1. d4 Nf6 2. c4 e6 3. Nf3 b6 4. g3 Bb7 5. Bg2 Be7 6. 0-0 0-0 7. Re1 c5 8. d5 exd5 9. Nh4 Ne4 10. cxd5 Bxh4 11. Bxe4 Bf6 12. Nc3 d6 13. Bf4 Qe7 14. Qc2 h6 15. Bh7+ Kh8 16. Bf5 Bc8 17. Bxc8 Rxc8 18. Qf5 Nd7 19. Rad1 Re8 20. Qc2 Bg5 21. Qf5 g6 22. Qg4 Bxf4 23. Qxf4 Kg7 24. b3 a6 25. a4 Rab8 26. Ra1 Nf6 27. Ra2 g5 28. Qd2 b5 29. axb5 axb5 30. Qd3 b4 31. Nd1 Qe4 32. Qxe4 Nxe4 33. Ne3 Kf6 34. Nc4 Nc3 35. Rd2 Rbd8 36. e3 Nb5 37. Ra1 Ra8 38. Rda2 Rxa2 39. Rxa2 Na3 40. Nxd6 Re7 41. Rd2 Ke5 42. Nc8 Rd7 1/2-1/2

[Event "CHN-chTB"]
[Site "Hefei"]
[Date "2023.04.20"]
[Round "6"]
[White "Guo, Weibao"]
[Black "Wang, Doudou"]
[Result "1/2-1/2"]
[WhiteElo "1891"]
[BlackElo "2161"]
[PlyCount "61"]
[EventDate "2023.04.17"]
[EventType "team-swiss"]
[EventRounds "9"]
[EventCountry "CHN"]
[SourceTitle "EXT 2024"]
[Source "ChessBase"]
[SourceDate "2023.10.10"]
[SourceVersion "1"]
[SourceVersionDate "2023.10.10"]
[SourceQuality "1"]
[WhiteTeam "Beijing"]
[BlackTeam "Shenzhen Qiyu"]
[WhiteTeamCountry "CHN"]
[BlackTeamCountry "CHN"]

1. d4 d5 2. c4 e6 3. Nc3 Nf6 4. Nf3 Bb4 5. Bg5 h6 6. Bxf6 Qxf6 7. e3 0-0 8. Rc1 dxc4 9. Bxc4 c5 10. 0-0 cxd4 11. Nxd4 Bd7 12. Qb3 Nc6 13. Nxc6 Bxc3 14. Rxc3 Bxc6 15. Bb5 Bd5 16. Bc4 Bc6 17. Rd1 Rad8 18. Bf1 Rxd1 19. Qxd1 Rd8 20. Qc2 g6 21. a3 Kg7 22. Rc5 Rd7 23. Be2 Qd8 24. Qc3+ Kh7 25. Qc1 Rd2 26. Rc2 Rd6 27. h3 h5 28. Rc5 Rd2 29. Rc2 Rd6 30. Rc5 Rd2 31. Rc2 1/2-1/2

[Event "CHN-chTB"]
[Site "Hefei"]
[Date "2023.04.19"]
[Round "5"]
[White "Guo, Weibao"]
[Black "Jiang, Zhaoyi"]
[Result "1/2-1/2"]
[WhiteElo "1891"]
[BlackElo "1863"]
[PlyCount "64"]
[EventDate "2023.04.17"]
[EventType "team-swiss"]
[EventRounds "9"]
[EventCountry "CHN"]
[SourceTitle "EXT 2024"]
[Source "ChessBase"]
[SourceDate "2023.10.10"]
[SourceVersion "1"]
[SourceVersionDate "2023.10.10"]
[SourceQuality "1"]
[WhiteTeam "Beijing"]
[BlackTeam "Heilongjiang"]
[WhiteTeamCountry "CHN"]
[BlackTeamCountry "CHN"]

1. d4 e6 2. Nf3 Nf6 3. e3 c5 4. c4 d5 5. a3 dxc4 6. Bxc4 Be7 7. 0-0 0-0 8. Nc3 b6 9. dxc5 Qd5 10. Qd2 Qxd2 11. Re1 Qd1 12. Rxd1 Bxc5 13. b4 Be7 14. Bb2 Bb7 15. Nb5 Nc6 16. Nd6 Bxd6 17. Rxd6 Rfd8 18. Rad1 Rxd6 19. Rxd6 Rd8 20. Rxd8+ Nxd8 21. b5 Bxf3 22. gxf3 Nd7 23. f4 Nb7 24. Kg2 Nbc5 25. Kf3 Kf8 26. Bd4 f6 27. e4 Ke7 28. e5 f5 29. Bc3 Kf7 30. Ke3 Ke8 31. f3 Kf7 32. Bd4 Ke8 1/2-1/2

[Event "CHN-chTB"]
[Site "Hefei"]
[Date "2023.04.18"]
[Round "3"]
[White "Guo, Weibao"]
[Black "Gu, Tianlu"]
[Result "1/2-1/2"]
[WhiteElo "1891"]
[BlackElo "2261"]
[PlyCount "66"]
[EventDate "2023.04.17"]
[EventType "team-swiss"]
[EventRounds "9"]
[EventCountry "CHN"]
[SourceTitle "EXT 2024"]
[Source "ChessBase"]
[SourceDate "2023.10.10"]
[SourceVersion "1"]
[SourceVersionDate "2023.10.10"]
[SourceQuality "1"]
[WhiteTeam "Beijing"]
[BlackTeam "Guangzhou Lingnan"]
[WhiteTeamCountry "CHN"]
[BlackTeamCountry "CHN"]

1. d4 e6 2. Nf3 Nf6 3. e3 b6 4. Bd3 c5 5. 0-0 Bb7 6. b3 Nc6 7. Bb2 Be7 8. Nbd2 0-0 9. a3 Rc8 10. Qe2 d5 11. Rfd1 Re8 12. Nf1 Qc7 13. Ng3 Na5 14. dxc5 bxc5 15. Be5 Qb6 16. b4 Nc4 17. bxc5 Qxc5 18. Bd4 Qa5 19. Ne5 Nxe5 20. Bxe5 Nd7 21. Bb2 Bf6 22. Bxf6 Nxf6 23. Nh5 Nxh5 24. Qxh5 g6 25. Qe5 Qc3 26. Qxc3 Rxc3 27. Rdb1 Re7 28. Rb3 Rxb3 29. cxb3 Rc7 30. Be2 Kf8 31. Kf1 Ke7 32. Ke1 Kd6 33. Kd2 Ke5 1/2-1/2